000 00519nam a22001817a 4500
005 20260519153545.0
008 260428b |||||||| |||| 00| 0 eng d
020 _a978-9354249747
082 _a657.3
_bFLO-W
100 _aFlood, Joanne M.
245 _aWiley GAAP 2020:
_bInterpretation and Application of Generally Accepted Accounting Principles
250 _bVol-I / Vol-II
260 _bWiley
_c2020
_aNew Delhi
300 _a737 p.
500 _aIndex included
650 _aManagement Science
942 _cBK
999 _c47425
_d47425